Psicotrading Gestin̤ emocional del inversor /

Detalles Bibliográficos
Autor principal: Antelo Solozb̀al, Germǹ
Formato: eBook
Lenguaje:español
Publicado: Bogot:̀ Ediciones de la U, 2016
Materias:
Acceso en línea:Acceso restringido

MARC

LEADER 00000nam a22000007a 4500
005 20210512005956.0
007 cr|||| ||||
008 210512s2016 co |||||s|||| 00||0 spa d
020 |a 978-958-762-513-4 
035 |a 33410 
040 |a vLex 
090 |c 11646  |d 11646 
100 1 |a Antelo Solozb̀al, Germǹ 
245 1 0 |a Psicotrading  |h [Recurso electrn̤ico] :  |b Gestin̤ emocional del inversor /  |c Germǹ Antelo Solozb̀al 
256 |a Servicio en ln̕ea 
260 |a Bogot:̀  |b Ediciones de la U,  |c 2016 
300 |a 1 recurso electrn̤ico 
500 |a Los mundos de la bolsa y el trading son muy seductores, porque parecen sencillos y a su vez estǹ rodeados de falsas creencias, tales como la de ganar dinero de forma rp̀ida y en grandes cantidades. Para vivir de los mercados financieros es muy importante y necesario que las personas tengan una mente clara, fuerte y que adems̀ sepan gestionar adecuadamente sus emociones. Esto es una condicin̤ necesaria si se busca obtener beneficios econm̤icos. En este libro encontrars̀ el derrumbe de muchas falsas creencias que giran en torno a esta profesin̤, podrs̀ tomar conciencia de los obstc̀ulos que aparecen en el camino y, sobre todo, vers̀ como el psicotrading puede ayudarte a enfrentarlos y superarlos, a travš de varias herramientas muy efectivas, las cuales algunas provienen del coaching. Es una lectura apasionante, en la cual experimentars̀ cm̤o es el camino que debe transitar una persona que quiere vivir del trading desde la meta de salida hasta el final. 
506 1 |a Disponible solo en los productos indicados  |d vLex Global  |d vLex Global (Academic Edition, excluding Law Schools)  |d vLex Global (U.S. Academic Edition, Law Schools)  |d vLex Global (U.S. Academic Edition, excluding Law Schools)  |d vLex Global (Academic Edition, Law Schools) 
650 0 4 |a Contabilidad  |z Colombia 
650 0 4 |a Banca y finanzas  |z Colombia 
740 0 |a vLex Libros (Servicio en ln̕ea) 
856 4 0 |u https://vlex.com/source/psicotrading-gestion-emocional-del-inversor-33410  |z Acceso restringido 
942 |c BOOK 
999 0 |a Accounting 
999 0 |a Banking and finance